| 000 | 01370nam a2200373 c 4500 | ||
|---|---|---|---|
| 003 | BLK | ||
| 005 | 20240710154847.0 | ||
| 008 | 180408b bul|||||r ||||||| ||bul|| | ||
| 010 | _aKNG00059192000 | ||
| 020 |
_a954-446-825-0 _bиздат.: Егмонт България |
||
| 040 | _aBLK | ||
| 041 |
_aBUL _cBUL |
||
| 080 |
_aИздания за деца и юноши. Книжки-картинки. Читанки. Вж и 372.4 _b087.5 _x _z087.5 |
||
| 700 | 1 |
_aДимитрова, Ирина _eпрев. _9363468 |
|
| 139 |
_aО, Дъмбо! _bО 11 |
||
| 245 | 1 | 0 |
_aО, Дъмбо! _cпрев. Ирина Димитрова. |
| 257 | _aUSA | ||
| 260 |
_аСофия _bЕгмонт България _c2004 |
||
| 300 |
_a20 с. _bс цв. ил. _c16Х16 см |
||
| 380 | _aDN | ||
| 500 | _aОриг. загл. Oh No, Dumbo! - Изд. на Disney. | ||
| 650 | 4 |
_aКнижки-картинки _9267880 |
|
| 650 | 4 |
_aКниги-игри _9158798 |
|
| 653 | _aкниги-игри | ||
| 653 | _aкнижки-картинки | ||
| 653 | _aлитература за деца | ||
| 653 | _aдетска литература | ||
| 852 | _aЦб І 31975 | ||
| 856 | 4 |
_qpdf _u |
|
| 856 | 4 |
_qpdf _u |
|
| 942 |
_cKNG _n0 _03 |
||
| 944 |
_aCR _c05.04.2006 _lДиана Гривева _k30529 |
||
| 944 |
_aED _c23.10.2015 _lф / _kЛюдмила_Стоянова |
||
| 999 |
_c55227 _d55227 |
||